Fes teatre ... : informe anual Tallers de teatre informe anual Tallers de teatre
Publicado:
Barcelona :
Diputació de Barcelona. Àrea de Coneixement i Noves Tecnologies. Gerència de Serveis de Cultura ,
2011
Descripción Física:
18, [42] p. : fot. ; 29 cm
MARC
| LEADER | 00000nam a2200000Ia 4500 | ||
|---|---|---|---|
| 001 | 23366 | ||
| 008 | 160829s2011 xx 000 0 cat d | ||
| 080 | |a B-2-253 | ||
| 245 | |a Fes teatre ... : |b informe anual Tallers de teatre | ||
| 260 | |a Barcelona : |b Diputació de Barcelona. Àrea de Coneixement i Noves Tecnologies. Gerència de Serveis de Cultura, |c 2011 | ||
| 300 | |a 18, [42] p. : |b fot. ; |c 29 cm | ||
| 590 | |a Continuació de: Fes teatre! : tallers de teatre als instituts : informe anual del programa : curs ... | ||
| 650 | 0 | |a Teatre |x Barcelona (Província) |9 48722 | |
| 650 | 0 | |a Joves |x Esbarjo |z Barcelona (Província) |9 28059 | |
| 710 | 1 | |a Barcelona (Catalunya : Província). |b Gerència de Serveis de Cultura |9 53566 | |
| 866 | |a 2011 | ||
| 901 | |a Arxiu | ||
| 942 | |n 1 | ||
| 952 | |0 0 |1 0 |4 0 |6 B2253 |7 1 |9 54802 |a Arxiu |b Arxiu |d 2012-01-09 |l 0 |o B-2-253 |p 23366 |r 2016-12-01 00:00:00 |w 2016-12-01 |y ARXIU | ||
| 999 | |c 58671 |d 58671 | ||